Quizzes
Events
Quiz Creation
Community
Videos
Private Events
Remove Ads
Sign In
Join for FREE
Feedback
Dark Mode
Quiz Categories
Sports
Geography
Music
Movies
Television
Just For Fun
Miscellaneous
History
Literature
Language
Science
Gaming
Entertainment
Religion
Holiday
For Kids
Quiz Lab
Recent
Popular Today
Quiz Kudos Today
Editor Picks
Curator Picks
Quizzes by...
Day
Popularity
Type
Ratings
Length
Year
Community
Subscriptions
Recent Discussions
Orange Saloon
Badges
Playlists
Quests
Create
Leaderboards
Showdown
Live 5
Trivia Bingo
Activity
Puzzle Library
Sporcle Events
Private Events
Virtual Trivia
Globe League
Become a Host
Pub Owners
SporcleCon
Opinionation
Our Games
Videos
Blog
Mobile Apps
Partnerships
Remove Ads and Go Orange
Feedback
Geography
Country
Landmarks
City
State
Population
World
Capital
Continent
Flags
Europe
Africa
Asia
South America
North America
Oceania
Border
Canada
United Kingdom
Topography
United States
Geography
Country
Landmarks
City
State
Population
World
Capital
Continent
Flags
Europe
Africa
Asia
South America
North America
Oceania
Border
Canada
United Kingdom
Topography
United States
Random Quiz
Search Sporcle
×
Curator Pick
Curator Pick
Geography
Europe
Type in answers that appear in a list
Type in answers that appear in a list
Classic
Best Score? Go Orange.
Blitz: Is it in Spain? Stats
In under a minute, can you determine whether these cities with a population over 200,000 are in Spain: either (Y)es or (N)o?
By
Matt91486
60s
50 Questions
412 Plays
412 Plays
412 Plays
Comments
Comments
Give Quiz Kudos
Give Quiz Kudos
-
- Ratings
hide this ad
More Info
Forced Order
Answers have to be entered in order
Answers have to be entered in order
Wrong Answers
Some wrong answers will appear in red
Some wrong answers will appear in red
Random Order
Randomize order of answers
Randomize order of answers
Replay
Link that replays current quiz
Next Quiz
Link to next quiz in quiz playlist
You Got
0%
They Got
Avg Score
67%
Avg Friend Score
Upgrade to see
Score Distribution
Jump to the score distribution portion of the page
Score
0/50
Timer
01:00
0
Plays Today
City
(Y)es or (N)o
% Correct
Barcelona
???
86.4%
Valencia
???
86.2%
Madrid
???
85%
Granada
???
83.3%
Bilbao
???
82.3%
Málaga
???
82%
Seville
???
81.8%
Zaragoza
???
81.6%
Murcia
???
81.6%
Alicante
???
80.8%
Valladolid
???
80.1%
Las Palmas
???
79.6%
Córdoba
???
79.1%
Palma
???
76.2%
Oviedo
???
75.7%
Gijón
???
74.3%
A Coruña
???
72.6%
Jerez
???
70.1%
Cali
???
68.7%
Punto Fijo
???
67.5%
Elche
???
67.2%
Neuquén
???
66.3%
Quilmes
???
66%
Salta
???
66%
Vitoria-
Gasteiz
???
65%
City
(Y)es or (N)o
% Correct
Concepción
???
65%
Juliaca
???
65%
Rosario
???
64.8%
Resistencia
???
64.3%
Veracruz
???
63.8%
Taranto
???
63.1%
Parma
???
62.6%
Floridablanca
???
62.1%
Mendoza
???
61.9%
Olinda
???
61.9%
Cartagena
???
61.4%
Manizales
???
60.7%
Barranquilla
???
60.4%
Barinas
???
60.2%
Alcalá
???
60%
Corrientes
???
59.2%
Morelia
???
59.2%
Cajamarca
???
56.6%
Sabadell
???
56.3%
Soledad
???
53.4%
Avellaneda
???
51.2%
Terrassa
???
50.5%
Móstoles
???
48.1%
Torreón
???
43.4%
Mérida
???
31.8%
Quiz Playlist
Details
Report
Send in Message
Add To Playlist
More Info:
In under a minute, can you determine whether these cities with a population over 200,000 are in Spain: either (Y)es or (N)o?
Classic:
Type in answers that appear in a list
Forced Order:
Answers have to be entered in order
Wrong Answers:
Some wrong answers will appear in red
Random Order:
Randomize order of answers
Last Updated: Jul 14, 2019
Curator Pick in
City
Quiz Scoreboard
CHALLENGE
Sign Up to Join the Scoreboard
Show All
Scores
Hide
Comments
May contain spoilers
Recently Published
Movies - When Are They Set?
by FPL_Elf
Movies
5m
Popular People in 1961
by mucciniale
History
6m
1-10 Letter E Words III
by El_Dandy
Language
2m
More to Explore
Quiz From the Vault
Featured Blog Post
Where Did the Easter Bunny Come From?
hide this ad
You Might Also Like...
Tags
Blitz Quiz
City Quiz
Country Quiz
Europe Quiz
Population Quiz
Spanish Quiz
This or That Quiz
60 Second Blitz
minute
Spain
Spanish History
World Cities
Today's Top Quizzes in Geography
Browse Geography
hide this ad
Today's Top Quizzes in Europe
Browse Europe
Top Contributed Quizzes in Geography
1
Countries of the World - No Outlines Minefield
2
Top 25 Cities of France on a map
3
Closest Countries to UK A-Z
4
One Thing in Common: United Kingdom
5
Blind Secret Country CLXXXVIII
6
Blind Ultimate Minefield: USA
7
African Flag Reveal XLV
8
Find the US States - No Outlines
9
One Thing in Common: Asia
10
Find the Provinces of Canada - No Outlines Minefield
Explore More
Trending Topics
Crossword
Marvel
Anime
Kpop
Harry Potter
NBA
Disney
Song
WWE
Soccer
NFL
Country
Pokémon
Puzzle
The Office
hide this ad
More By:
Matt91486
Quiz
Plays
Rating
Category
Featured
Created
NBA Players Joined by Name
40,905
4.68
Sports
Oct 26, 2016
Match the Cookies
26,001
4.24
Miscellaneous
Jul 18, 2017
'Of' Video Game Titles
10,011
4.56
Gaming
Nov 3, 2019
Word Ladder: Bastille Day
8,642
4.58
Just For Fun
Jul 5, 2017
Quick Pick: Games of 1985
6,223
4.31
Just For Fun
Oct 8, 2021
Go to Creator's Profile
Score Distribution
Quiz Creator Spotlight
Matt91486
Follow
Send a Message
Quizzes Created
-
Created Quiz Play Count
-
More By This Creator
Popular Quizzes Today
1
Find the Countries of Europe - No Outlines Minefield
2
Find the US States - No Outlines Minefield
3
The Countries of the World
4
Popular People in 1961
5
1-10 Letter E Words III
6
US States
7
Find the US States
8
One Thing in Common: World Cities II
More Geography Quizzes
100 Largest Cities of Italy
Published
Trending Quizzes
Risky Map Clicking: Least Populous States A-Z
Humor Books: The Subtitles
1-10 Letter F Words
1-10 Letter G Words
One Thing in Common: United Kingdom
Recently Updated
Leaping Animals
pecheneg
Reality TV Shows (A-Z)
bhenderson79
Rickey Henderson's Hall of Fame Teammates
pecheneg
Champions League XIs: Arsenal
pecheneg
Quick Pick: Celebrities in WWE's Hall of Fame
aduchscher
A-Z Keypad Blitz II
pecheneg
Multiple Oscar Actors
pecheneg
Mystery Phrase Blitz: Oscar 'Best Actors'
pecheneg
F. Scott Fitzgerald Novels
LTH
Pick 3 Villains
ddd62291
Trending Topics
NBA
Crossword
Anime
Harry Potter
Disney
Kpop
Marvel
Country
The Office
NFL
Soccer
Puzzle
Song
WWE
Pokémon
Your Account Isn't Verified!
In order to create a playlist on Sporcle, you need to verify the email address you used during registration. Go to your
Sporcle Settings
to finish the process.
Report this User
Report this user for behavior that violates our
Community Guidelines
.
Details:
Send Report
Go to the Sporcle.com Mobile Site →
Comments